000
00333nam a2200133Ia 4500
008
150201s2014 xx 000 0 und d
082
_a
617.645
_b
I2014C
100
_a
CHOCKALINGAM ,PR
245
_a
ILLUSTRATED PEDIATRIC DENTISTRY
250
_a
1ST
260
_b
WOLTER KLUWER PUBLICATION
650
_a
PEDODONTICS
942
_2
ddc
_c
BK
999
_c
4894
_d
4894